00421nam a2200121Ia 4500008004100000082002000041100002000061245005400081260005000135365000600185630005400191730005400245100415s9999 xx 000 0 und d b9169a591.6(54) aPrakash Ishwar aRodent Pest Management : Principles and Practices aJODHPURc1976bCENTRAL ARID ZONE RESEARCH INS b0 aRodent Pest Management : Principles and Practices aRodent Pest Management : Principles and Practices